00497 a2200169 4500001000700000020000600007040001100013100002800024240005700052245005200109362000900161440001500170697001400185942000700199952010200206999001900308165262 a  cMagnum aAragão, José Carlos10aO menino que varou a noite e depois virou poetalpor10aO menino que varou a noite e depois virou poeta0 a1899 1aDimensão aIJ/POESIA cBK 00104070a32.5b32.5d2024-06-08l0oLI.05857pMAG00009533r2024-06-08 20:37:58w2024-06-08yBK c165262d165262